[Event "Open Semana Santa 2023"]
[Site "?"]
[Date "2023.04.09"]
[Round "7.173"]
[White "Rossello Sanchez, Bartolome"]
[Black "Voronaya, Eva"]
[Result "1-0"]
[WhiteElo "1629"]
[BlackElo "1480"]
[PlyCount "103"]

1. d4 d5 2. Bf4 c5 3. e3 cxd4 4. exd4 Nc6 5. Nf3 Bf5 6. c3 e6 7. Nbd2 Nge7 8.
Be2 f6 9. Nh4 g5 10. Nxf5 exf5 11. Bh5+ Ng6 12. O-O Be7 13. Nf3 gxf4 14. Qd2
O-O 15. Bxg6 hxg6 16. Qxf4 Qd6 17. Qh6 Rf7 18. Nh4 Rh7 19. Qxg6+ Kh8 20. Qg3
Qxg3 21. fxg3 Kg7 22. Rxf5 Rd8 23. Re1 Kf7 24. Nf3 Kg6 25. g4 Bd6 26. Re6 Be7
27. h4 Kf7 28. Ng5+ Kg7 29. Nxh7 Kxh7 30. Kf2 Kg6 31. Kg3 Kf7 32. Re2 Bd6+ 33.
Kh3 Ne7 34. Rf1 Ng6 35. g3 Kg7 36. Ref2 Be7 37. Rf5 Rd6 38. Rh5 Bf8 39. g5 Be7
40. gxf6+ Bxf6 41. Rhf5 Ne7 42. R5f2 Re6 43. g4 Re3+ 44. Rf3 Rxf3+ 45. Rxf3 Kg6
46. g5 Bg7 47. Kg4 Nc8 48. h5+ Kh7 49. Rf7 Kg8 50. Rxb7 Bf8 51. Rd7 Ne7 52.
Rxa7 1-0

[Event "Open Semana Santa 2023"]
[Site "?"]
[Date "2023.04.09"]
[Round "7.174"]
[White "Prochaieva, Tina"]
[Black "Franch Moreno, Marcelo"]
[Result "1-0"]
[WhiteElo "1627"]
[BlackElo "1461"]
[PlyCount "113"]

1. d4 Nf6 2. Nf3 g6 3. c4 Bg7 4. Nc3 O-O 5. Bg5 d6 6. e3 c5 7. dxc5 dxc5 8. Be2
Nc6 9. O-O h6 10. Bf4 Nh5 11. Bg3 Nxg3 12. hxg3 Qa5 13. Qb3 Qb4 14. Qxb4 Nxb4
15. Na4 b6 16. a3 Nc6 17. Rad1 Bf5 18. Rc1 Rfd8 19. Nc3 Rd7 20. Nh4 Bd3 21. Bf3
Rc8 22. Rfd1 Ne5 23. Bd5 e6 24. f4 exd5 25. cxd5 c4 26. fxe5 Bxe5 27. e4 Bxc3
28. Rxc3 Bxe4 29. d6 Bd3 30. Rdxd3 cxd3 31. Rxc8+ Kg7 32. Kf2 Rxd6 33. Ke1 Kf6
34. Kd2 Kg5 35. Rc4 f5 36. Nf3+ Kf6 37. Ne1 a5 38. Nxd3 g5 39. Ke2 Re6+ 40. Kf3
Rd6 41. Nf2 Ke5 42. g4 f4 43. g3 fxg3 44. Kxg3 Rd2 45. Rc6 b5 46. Rxh6 Kd5 47.
Rd6+ Kxd6 48. Ne4+ Ke5 49. Nxd2 Kf6 50. Nb3 a4 51. Nd4 Ke5 52. Nxb5 Kd5 53.
Nc3+ Kc4 54. Nxa4 Kb3 55. Nc5+ Kc4 56. b4 Kb5 57. Ne4 1-0

[Event "Open Semana Santa 2023"]
[Site "?"]
[Date "2023.04.09"]
[Round "7.177"]
[White "Nechifor, David"]
[Black "Otazu Casanes, Abel"]
[Result "1-0"]
[WhiteElo "1626"]
[BlackElo "1460"]
[PlyCount "80"]
[EventDate "2023.??.??"]

1. d4 Nf6 2. c4 e6 3. Nc3 d5 4. Nf3 c6 5. e3 Bd6 6. Bd3 Qe7 7. O-O O-O 8. e4
dxe4 9. Nxe4 Nxe4 10. Bxe4 f5 11. Bc2 h6 12. b3 Rf6 13. Re1 Qf7 14. Ne5 Bxe5
15. dxe5 Rg6 16. Qd8+ Qf8 17. Qxf8+ Kxf8 18. Bd1 Kg8 19. Bh5 Kh7 20. Bxg6+ Kxg6
21. Bf4 Kf7 22. h4 Na6 23. Rad1 Ke7 24. Rd6 Nc5 25. Red1 Nd7 26. f3 c5 27. Kf2
b6 28. a3 a5 29. a4 Rb8 30. Rc6 Bb7 31. Rxd7+ Kxd7 32. Rxb6 Kc7 33. Rxe6 Kd7
34. Rg6 Rh8 35. Rxg7+ Kc8 36. e6 Ba8 37. Rc7+ Kd8 38. e7+ Ke8 39. Rc8+ Kf7 40.
Rxh8 Kxe7 1-0

[Event "Open Semana Santa 2023"]
[Site "?"]
[Date "2023.04.09"]
[Round "7.178"]
[White "Garcia Fuentes, Jorge"]
[Black "Roche Fraile, Carlos"]
[Result "0-1"]
[WhiteElo "1412"]
[BlackElo "1593"]
[PlyCount "104"]
[EventDate "2023.??.??"]

1. e4 e5 2. Nf3 Nf6 3. Nxe5 d6 4. Nf3 Nxe4 5. d4 d5 6. Bd3 Bf5 7. O-O Bd6 8. c4
c6 9. Re1 O-O 10. a3 Nd7 11. Nc3 Nxc3 12. bxc3 Bxd3 13. Qxd3 dxc4 14. Qxc4 Qc7
15. a4 Rac8 16. Ba3 c5 17. Qb5 b6 18. Qb1 Nf6 19. Qd3 Rfd8 20. Kf1 h6 21. Qf5
cxd4 22. Bxd6 Qxd6 23. cxd4 Qd7 24. Qxd7 Rxd7 25. Rac1 Rdc7 26. Rxc7 Rxc7 27.
Rd1 Nd5 28. g3 Rc4 29. a5 b5 30. Rb1 b4 31. Ne5 Rc3 32. Nc6 Rxc6 33. Re1 b3 34.
Re8+ Kh7 35. Rb8 Nb6 36. axb6 Rxb6 37. Re8 b2 38. Re1 b1=Q 39. Rxb1 Rxb1+ 40.
Ke2 Rb3 41. Kd2 Kg8 42. Kc2 Rf3 43. Kd2 Rxf2+ 44. Ke3 Rxh2 45. d5 Kf8 46. Ke4
Rd2 47. Ke5 a5 48. Kd6 a4 49. Kc6 a3 50. d6 a2 51. d7 Rxd7 52. Kxd7 a1=Q 0-1

[Event "Open Semana Santa 2023"]
[Site "?"]
[Date "2023.04.09"]
[Round "7.179"]
[White "Planelles Ortega, Emilio"]
[Black "Gonzalez Caceres, Lauren"]
[Result "1-0"]
[WhiteElo "1592"]
[BlackElo "1431"]
[PlyCount "83"]

1. d4 Nf6 2. Bf4 c5 3. e3 Qb6 4. Nc3 cxd4 5. exd4 d6 6. h3 Bd7 7. Rb1 Qa5 8.
Bd2 Qc7 9. Nf3 a6 10. d5 g6 11. Be2 Bg7 12. O-O O-O 13. Re1 e5 14. dxe6 Bxe6
15. Bf4 Rd8 16. Qd2 Bc4 17. Bh6 Bxe2 18. Rxe2 Nc6 19. Bxg7 Kxg7 20. Rd1 Ne5 21.
Ng5 Qc6 22. Qf4 h6 23. Nge4 Nxe4 24. Nxe4 f5 25. Nxd6 Nf7 26. Re7 Rd7 27. Qd4+
Kg8 28. Qf6 Rxe7 29. Qxe7 Rf8 30. Nxf7 Rxf7 31. Rd8+ Kg7 32. Qe5+ Rf6 33. Re8
Qd6 34. Qc3 Kf7 35. Rc8 Qd1+ 36. Kh2 Qd6+ 37. g3 Re6 38. Rh8 Rf6 39. Rh7+ Kg8
40. Rxh6 f4 41. Qc4+ Re6 42. Qc8+ 1-0

[Event "Open Semana Santa 2023"]
[Site "?"]
[Date "2023.04.09"]
[Round "7.180"]
[White "Soliva Ruiz, Ramon"]
[Black "Palomo Fernandez, Lorenzo"]
[Result "1-0"]
[WhiteElo "1582"]
[BlackElo "1405"]
[PlyCount "87"]

1. Nf3 Nf6 2. c4 g6 3. Nc3 Bg7 4. g3 d6 5. d4 O-O 6. Bg2 Nc6 7. e4 e5 8. d5 Nb8
9. O-O Nbd7 10. Rb1 Nc5 11. Ne1 a5 12. h3 Ne8 13. Be3 f5 14. Bxc5 dxc5 15. Qe2
Nd6 16. Rd1 g5 17. f4 gxf4 18. gxf4 exf4 19. e5 Ne4 20. Nxe4 fxe4 21. Qxe4 Qe7
22. Nf3 Bf5 23. Qe2 Rad8 24. Rd2 Rfe8 25. Re1 Kh8 26. e6 Rg8 27. Kh2 Bf6 28.
Ne5 Bxe5 29. Qxe5+ Rg7 30. Qxf5 Qh4 31. Ree2 Rdg8 32. Qe5 Qg3+ 33. Kh1 f3 34.
Qxg3 Rxg3 35. Rf2 fxg2+ 36. Rxg2 Rxh3+ 37. Kg1 Rhg3 38. Rxg3 Rxg3+ 39. Kh2 Re3
40. Rf2 Kg7 41. Rf7+ Kg8 42. Rxc7 Re2+ 43. Kg3 Rxb2 44. d6 1-0

[Event "Open Semana Santa 2023"]
[Site "?"]
[Date "2023.04.09"]
[Round "7.181"]
[White "Xia, Zhe"]
[Black "Kondrashov, Ivan V"]
[Result "0-1"]
[WhiteElo "1366"]
[BlackElo "1582"]
[PlyCount "92"]

1. d4 d6 2. c4 g6 3. e4 Bg7 4. Nc3 Nd7 5. Nf3 e5 6. d5 Ne7 7. h4 h6 8. g4 a6 9.
a4 a5 10. Be3 b6 11. Bd3 Nc5 12. Rg1 Bb7 13. Bc2 Qd7 14. b3 Na6 15. Na2 Ng8 16.
Bd3 Ne7 17. Qd2 Ng8 18. Rb1 Nc5 19. Nc3 Na6 20. Nb5 Nc5 21. Na3 Nf6 22. g5
Nfxe4 23. Bxe4 Nxe4 24. Qc2 Nc5 25. gxh6 Bxh6 26. Bxc5 bxc5 27. Nb5 Kd8 28. Qe2
Qf5 29. Rd1 f6 30. Nc3 e4 31. Nh2 Qe5 32. Nxe4 Qxh2 33. Rxg6 Qh1+ 34. Qf1 Qxe4+
35. Qe2 Qxg6 36. Kf1 Rg8 37. Qf3 Qg1+ 38. Ke2 Qg4 39. Qxg4 Rxg4 40. Kf3 Rf4+
41. Kg3 Kd7 42. Rd2 Rg8+ 43. Kh3 Bc8 44. Re2 Kd8+ 45. Re6 Bd7 46. Kh2 Rxh4# 0-1

[Event "Open Semana Santa 2023"]
[Site "?"]
[Date "2023.04.09"]
[Round "7.182"]
[White "Garcia Solbes, Juan Felipe"]
[Black "Menendez Osorio, Carmen"]
[Result "0-1"]
[WhiteElo "1365"]
[BlackElo "1581"]
[PlyCount "56"]

1. b3 g6 2. Bb2 Nf6 3. Nf3 Bg7 4. e3 O-O 5. c4 c5 6. g3 Nc6 7. Bg2 e6 8. O-O d5
9. cxd5 exd5 10. d3 Re8 11. a3 Qb6 12. Nbd2 Be6 13. Qc2 Rac8 14. Rfc1 Na5 15.
Rab1 Qa6 16. a4 Bf5 17. Bf1 c4 18. bxc4 dxc4 19. Bxf6 cxd3 20. Qa2 Bxf6 21.
Rxc8 Rxc8 22. Qa3 Nc4 23. Nxc4 Qxc4 24. Nd2 Qc2 25. e4 Qxd2 26. exf5 Bd4 27.
Bxd3 Qxf2+ 28. Kh1 Qf3# 0-1

[Event "Open Semana Santa 2023"]
[Site "?"]
[Date "2023.04.09"]
[Round "7.183"]
[White "Rouiller, Leonard"]
[Black "Hidalgo Mena, Manel"]
[Result "0-1"]
[WhiteElo "1573"]
[BlackElo "1362"]
[PlyCount "74"]

1. e4 c5 2. Nf3 Nc6 3. Bb5 a6 4. Bxc6 bxc6 5. O-O e6 6. d3 d6 7. e5 d5 8. Nc3
Ne7 9. Re1 Nf5 10. h3 Be7 11. b3 Qc7 12. a4 O-O 13. Ba3 Qa5 14. Ne2 Bb7 15. g4
Nh4 16. Ng3 h6 17. Qe2 Ng6 18. Nh5 Rfe8 19. Kh2 Bd8 20. Qe3 Bb6 21. Qe2 Qc3 22.
g5 hxg5 23. Nxg5 c4 24. Nf3 c5 25. a5 Ba7 26. Rg1 cxd3 27. cxd3 Bb8 28. Rac1
Qxa5 29. Bxc5 d4 30. Nh4 Bxe5+ 31. Qxe5 Nxe5 32. Rxg7+ Kh8 33. b4 Qd8 34. Rcg1
Qxh4 35. Bxd4 Nf3+ 36. Kg2 Nxd4+ 37. Kf1 Qxh5 0-1

[Event "Open Semana Santa 2023"]
[Site "?"]
[Date "2023.04.09"]
[Round "7.184"]
[White "Melero Fernandez, Jose M"]
[Black "Mansor Habash, Zouheir"]
[Result "0-1"]
[WhiteElo "1356"]
[BlackElo "1570"]
[PlyCount "78"]
[EventDate "2023.??.??"]

1. e4 c5 2. Nc3 e6 3. Bc4 Nf6 4. a3 d5 5. Bb5+ Nc6 6. Bxc6+ bxc6 7. d3 d4 8.
Nce2 c4 9. f4 c5 10. Nf3 Be7 11. O-O O-O 12. h3 Bb7 13. Qe1 cxd3 14. cxd3 c4
15. e5 cxd3 16. Ng3 Nd5 17. Qf2 Qb6 18. f5 Ne3 19. Rb1 Nxf1 20. Nxf1 Be4 21.
Ng3 exf5 22. Nxe4 fxe4 23. Nxd4 Bc5 24. Be3 Rfd8 25. Nf5 Bxe3 26. Nxe3 d2 27.
Rd1 f5 28. Kh1 f4 29. Qxf4 Rac8 30. e6 Rf8 31. Qxe4 Rc1 32. Kh2 Qd6+ 33. Kg1
Rxd1+ 34. Nxd1 Re8 35. Qc2 Qxe6 36. b4 Qb6+ 37. Kh2 Qd6+ 38. g3 Re2+ 39. Kh1
Qd5+ 0-1

[Event "Open Semana Santa 2023"]
[Site "?"]
[Date "2023.04.09"]
[Round "7.185"]
[White "Puig Perez, Jordi"]
[Black "Taquet, Eric"]
[Result "1/2-1/2"]
[WhiteElo "1566"]
[BlackElo "1344"]
[PlyCount "103"]

1. c4 e5 2. g3 Nf6 3. Bg2 Bc5 4. e3 O-O 5. Nc3 c6 6. d4 exd4 7. exd4 Re8+ 8.
Nge2 Bb4 9. O-O Bf8 10. d5 d6 11. Bf4 Nh5 12. Be3 Nf6 13. Qc2 Bg4 14. Nf4 g6
15. b4 Bf5 16. Qd2 Bg7 17. Rad1 Ne4 18. Nxe4 Bxe4 19. a3 Bxg2 20. Kxg2 Qe7 21.
c5 Nd7 22. Rfe1 Qe4+ 23. f3 Qc4 24. Rc1 Qb3 25. dxc6 bxc6 26. cxd6 Qa4 27. Bd4
Bxd4 28. Qxd4 Rxe1 29. Rxe1 Qc2+ 30. Re2 Qf5 31. g4 Qf6 32. Qxf6 Nxf6 33. Re7
Rd8 34. Rxa7 Rxd6 35. Ra8+ Kg7 36. Rc8 Nd5 37. Nxd5 cxd5 38. Rc3 d4 39. Rd3 Kf6
40. f4 Ke6 41. Kf3 Kd5 42. h3 Kc4 43. Rd1 Re6 44. f5 Re3+ 45. Kf4 Rxa3 46. h4
Rb3 47. Ke4 Re3+ 48. Kf4 Rd3 49. Rc1+ Rc3 50. Rd1 Re3 51. b5 Rb3 52. Ke4
1/2-1/2

[Event "Open Semana Santa 2023"]
[Site "?"]
[Date "2023.04.09"]
[Round "7.186"]
[White "Serrano Requena, Guillem"]
[Black "Sharma Siri"]
[Result "1/2-1/2"]
[WhiteElo "1563"]
[BlackElo "1336"]
[PlyCount "101"]

1. d4 d5 2. Nf3 e6 3. Bf4 Nf6 4. e3 Be7 5. Bd3 Nbd7 6. h3 b6 7. Nbd2 Bb7 8. O-O
O-O 9. Re1 c5 10. c3 Rc8 11. a4 a6 12. Qe2 c4 13. Bc2 Nb8 14. e4 dxe4 15. Nxe4
Nd5 16. Bxb8 Rxb8 17. Qxc4 Rc8 18. Qd3 g6 19. Qd2 Kg7 20. g3 Nf6 21. Qe2 Qd5
22. Nxf6 Bxf6 23. Be4 Qd7 24. Nd2 Rfd8 25. Qf3 Ba8 26. Bxa8 Rxa8 27. Nc4 Rab8
28. Ne5 Bxe5 29. Rxe5 a5 30. Rb5 Qc7 31. Qe2 Rb7 32. Qe4 Rd7 33. h4 h5 34. Qe3
Qd8 35. Re1 Rd5 36. Rxd5 Qxd5 37. Qe5+ Qxe5 38. Rxe5 Rd7 39. Rb5 Rd6 40. Kf1
Kf6 41. Ke2 Ke7 42. Kd3 Kd7 43. Ke4 f6 44. c4 Kc6 45. c5 bxc5 46. Rxc5+ Kb6 47.
Rb5+ Ka6 48. d5 exd5+ 49. Rxd5 Rb6 50. Rd2 Kb7 51. Kd3 1/2-1/2

[Event "Open Semana Santa 2023"]
[Site "?"]
[Date "2023.04.09"]
[Round "7.187"]
[White "Hladiy, Mark"]
[Black "Tamiolakis, Grigorios"]
[Result "0-1"]
[WhiteElo "1559"]
[BlackElo "1272"]
[PlyCount "40"]

1. e4 c5 2. Nf3 e6 3. c3 d5 4. e5 d4 5. cxd4 cxd4 6. Qa4+ Nc6 7. Bb5 Bd7 8. O-O
Bc5 9. b4 a6 10. bxc5 axb5 11. Qxb5 Nxe5 12. Qxb7 Bc6 13. Qb6 Nxf3+ 14. Kh1 Qd5
15. Na3 Nxh2 16. f3 Nxf1 17. Nb5 Bxb5 18. Qxb5+ Qd7 19. c6 Qc7 20. Rb1 Qh2# 0-1

[Event "Open Semana Santa 2023"]
[Site "?"]
[Date "2023.04.09"]
[Round "7.188"]
[White "Ortega Moya, Juan Francisco"]
[Black "Torres Rebolledo, Marcos"]
[Result "0-1"]
[WhiteElo "1271"]
[BlackElo "1557"]
[PlyCount "66"]

1. d4 Nf6 2. Bf4 d5 3. Nf3 c5 4. e3 Nc6 5. c3 Qb6 6. Nbd2 Qxb2 7. Rb1 Qxc3 8.
Rb3 Qa5 9. Rb5 Qd8 10. dxc5 e6 11. Ne5 Nxe5 12. Bxe5 a6 13. Rb3 Bxc5 14. Rc3
Bb4 15. Qa4+ Nd7 16. Bc7 Qe7 17. Rb3 Bxd2+ 18. Kxd2 O-O 19. Bd3 Nc5 20. Qf4
Nxb3+ 21. axb3 f6 22. Bd6 Qf7 23. Bxf8 Qxf8 24. Rc1 e5 25. Qa4 Qd8 26. e4 Bd7
27. Qa3 dxe4 28. Be2 Bb5+ 29. Ke1 Bxe2 30. Kxe2 Qd3+ 31. Ke1 Rd8 32. Qa5 e3 33.
fxe3 Qxe3+ 0-1

[Event "Open Semana Santa 2023"]
[Site "?"]
[Date "2023.04.09"]
[Round "7.189"]
[White "Zoukou, Ylann"]
[Black "Ainsa Garus, Carlos"]
[Result "1-0"]
[WhiteElo "1555"]
[BlackElo "1247"]
[PlyCount "62"]

1. e4 e5 2. Nf3 Nc6 3. Bb5 a6 4. Ba4 Nf6 5. O-O Bc5 6. d3 d6 7. Nc3 b5 8. Bb3
h6 9. Nd5 Nxd5 10. Bxd5 Bb7 11. a3 Qd7 12. Nh4 Nd8 13. Ba2 Ne6 14. Nf5 O-O-O
15. b4 Bb6 16. c4 bxc4 17. Bxc4 d5 18. Bxd5 Bxd5 19. exd5 Qxd5 20. Ne7+ Kb8 21.
Nxd5 Rxd5 22. Be3 Rhd8 23. Bxb6 Rxd3 24. Qe2 cxb6 25. Qxe5+ Ka7 26. a4 R3d4 27.
b5 a5 28. h3 g6 29. Rfc1 R8d7 30. Rc8 Rb4 31. Qh8 Nc7 1-0

[Event "Open Semana Santa 2023"]
[Site "?"]
[Date "2023.04.09"]
[Round "7.190"]
[White "Molina Saorin, Raul"]
[Black "Gutierrez Lupion, Nuria"]
[Result "0-1"]
[WhiteElo "1076"]
[BlackElo "1551"]
[PlyCount "62"]

1. e4 c5 2. Nf3 d6 3. c3 Nf6 4. d3 e6 5. Nbd2 Be7 6. Be2 O-O 7. d4 cxd4 8. Nxd4
a6 9. Qc2 Nbd7 10. N2f3 Qc7 11. Bd3 Nc5 12. Be3 b5 13. a3 Bb7 14. Ng5 h6 15. e5
dxe5 16. Nh7 Nxd3+ 17. Qxd3 Nxh7 18. Nf3 e4 19. Qe2 exf3 20. gxf3 Bg5 21. O-O-O
Rad8 22. Bxg5 Nxg5 23. Rxd8 Rxd8 24. Qe3 Bxf3 25. Re1 Qxh2 26. Qb6 Qf4+ 27. Kb1
Qd2 28. Re3 Qd1+ 29. Ka2 Bd5+ 30. b3 Qxb3+ 31. Ka1 Qa2# 0-1

[Event "Open Semana Santa 2023"]
[Site "?"]
[Date "2023.04.09"]
[Round "7.192"]
[White "Ortega Sanchez Montanez, Marcos"]
[Black "Diriavka, Emma"]
[Result "0-1"]
[WhiteElo "1538"]
[BlackElo "1216"]
[PlyCount "84"]

1. d4 d5 2. c4 e6 3. Nc3 Nf6 4. Nf3 Bb4 5. Bg5 O-O 6. e3 h6 7. Bh4 Nbd7 8. Be2
Qe8 9. O-O Bxc3 10. bxc3 Ne4 11. Qc2 Nb6 12. cxd5 exd5 13. Nd2 Bf5 14. Bd3 Nxd2
15. Qxd2 Nc4 16. Qe2 Bxd3 17. Qxd3 c6 18. Rfe1 Nd6 19. Bg3 Ne4 20. Be5 Qe6 21.
c4 Nf6 22. cxd5 cxd5 23. Rab1 b6 24. Qa6 Ng4 25. Bg3 Nf6 26. Rec1 Rfc8 27. h3
Ne4 28. Rxc8+ Rxc8 29. Be5 Rc2 30. f3 Qg6 31. g4 Ng5 32. Qf1 Rxa2 33. Rc1 Kh7
34. h4 f6 35. h5 Qe8 36. Rc7 fxe5 37. Qb1+ e4 38. Qxa2 exf3 39. Qc2+ Ne4 40.
Qc6 f2+ 41. Kg2 f1=Q+ 42. Kxf1 Qf8+ 0-1

[Event "Open Semana Santa 2023"]
[Site "?"]
[Date "2023.04.09"]
[Round "7.195"]
[White "Morato Tent, Francisco"]
[Black "Sanfelix Dominguez, Juan Vicent"]
[Result "1-0"]
[WhiteElo "1975"]
[BlackElo "1730"]
[PlyCount "79"]

1. e4 e6 2. d4 d5 3. e5 c5 4. c3 Nc6 5. Nf3 Qb6 6. a3 f6 7. b4 c4 8. Bf4 a5 9.
Nbd2 fxe5 10. Bxe5 Nh6 11. Be2 Nxe5 12. Nxe5 g6 13. O-O Bg7 14. Qa4+ Ke7 15.
Ndf3 Qc7 16. Qc2 Bd7 17. Qd2 Nf7 18. Qf4 Nxe5 19. dxe5 Raf8 20. Qg5+ Ke8 21. g4
Rxf3 22. Bxf3 Bxe5 23. Rae1 Bxh2+ 24. Kg2 Bf4 25. Qxd5 e5 26. Re4 Bc6 27. Qe6+
Qe7 28. Qc8+ Qd8 29. Qxd8+ Kxd8 30. Rd1+ Kc7 31. Rxc4 axb4 32. axb4 Kb6 33.
Bxc6 bxc6 34. Rd6 Rc8 35. Rd7 h5 36. gxh5 gxh5 37. Rh7 Rg8+ 38. Kf3 Rg6 39.
Rxh5 Kb5 40. Rxf4 1-0

[Event "Open Semana Santa 2023"]
[Site "?"]
[Date "2023.04.09"]
[Round "7.197"]
[White "Alvarez Poves, Jesus"]
[Black "Gonzalez Bolado, David"]
[Result "1-0"]
[WhiteElo "1735"]
[BlackElo "1344"]
[PlyCount "53"]

1. e4 c5 2. Nc3 Nc6 3. g3 e5 4. Bg2 d6 5. Nge2 Nf6 6. O-O Bg4 7. h3 Bh5 8. d3
Be7 9. Rb1 Nd4 10. g4 Bg6 11. f4 h5 12. g5 Nd7 13. f5 Bh7 14. h4 Rb8 15. Ng3 g6
16. f6 Nxf6 17. gxf6 Bxf6 18. Rxf6 Qxf6 19. Bg5 Qe6 20. Nd5 Qc8 21. Nf6+ Kf8
22. Kh2 Kg7 23. Qd2 Ne6 24. Bh3 Nxg5 25. Qxg5 Qd8 26. Nf5+ Kf8 27. Qh6# 1-0

[Event "Open Semana Santa 2023"]
[Site "?"]
[Date "2023.04.09"]
[Round "7.199"]
[White "Anton Ortiz, Javier"]
[Black "Segarra Victorio, Israel"]
[Result "1/2-1/2"]
[WhiteElo "1332"]
[BlackElo "1586"]
[PlyCount "52"]

1. e4 e6 2. d4 d5 3. exd5 exd5 4. Nf3 Nf6 5. c3 c6 6. Bg5 Bg4 7. Be2 Nbd7 8.
Ne5 Bxe2 9. Qxe2 Be7 10. O-O O-O 11. Nd2 Nxe5 12. Qxe5 Re8 13. Rae1 Bd6 14.
Qxe8+ Qxe8 15. Rxe8+ Nxe8 16. Re1 f6 17. Be3 g5 18. Kf1 Ng7 19. Nf3 Re8 20. Bd2
Rxe1+ 21. Kxe1 h5 22. g3 Kf7 23. Ke2 b5 24. b4 Bc7 25. h4 g4 26. Ne1 Ne6
1/2-1/2

[Event "Open Semana Santa 2023"]
[Site "?"]
[Date "2023.04.09"]
[Round "7.200"]
[White "Grueso Vano, Oscar"]
[Black "Jaglinski, Aleksander"]
[Result "1-0"]
[WhiteElo "1548"]
[BlackElo "1301"]
[PlyCount "37"]

1. e4 c5 2. Nf3 Nc6 3. d4 cxd4 4. Nxd4 Nf6 5. Nc3 e5 6. Ndb5 d6 7. Bg5 a6 8.
Bxf6 gxf6 9. Na3 b5 10. Nd5 f5 11. Bd3 fxe4 12. Bxe4 Bb7 13. c3 Be7 14. Qf3 Rc8
15. Nc2 a5 16. Nce3 h5 17. Nf5 Bg5 18. Ng7+ Kf8 19. Ne6+ 1-0

[Event "Open Semana Santa 2023"]
[Site "?"]
[Date "2023.04.09"]
[Round "7.201"]
[White "Mulet Salva, Jeroni"]
[Black "Valverde Lopez, Francisco Leopol"]
[Result "0-1"]
[WhiteElo "1263"]
[BlackElo "1525"]
[PlyCount "56"]

1. e4 e5 2. Nf3 Nf6 3. Nc3 Nc6 4. d4 d6 5. Bb5 a6 6. Ba4 b5 7. Bb3 Na5 8. dxe5
Nxb3 9. axb3 b4 10. exf6 bxc3 11. bxc3 Qxf6 12. Bd2 Bb7 13. Qe2 Be7 14. Nd4 O-O
15. O-O Rfe8 16. b4 Bf8 17. Qc4 c5 18. bxc5 dxc5 19. Nf3 Rxe4 20. Qb3 Qc6 21.
Rfe1 c4 22. Qa2 Rd8 23. Rad1 Rg4 24. Kf1 Rxg2 25. Nd4 Rg1+ 26. Ke2 Qe4+ 27. Be3
Rg2 28. Qxc4 Rxf2+ 0-1

[Event "Open Semana Santa 2023"]
[Site "?"]
[Date "2023.04.09"]
[Round "7.202"]
[White "Nunez De Arenas Navarro, Agnes"]
[Black "Sanchez Lake, Alvaro"]
[Result "1/2-1/2"]
[WhiteElo "1245"]
[BlackElo "1524"]
[PlyCount "64"]

1. e4 c5 2. Nf3 d6 3. c3 Nf6 4. Bd3 e6 5. Bc2 Be7 6. d4 O-O 7. O-O a6 8. h3 b5
9. Be3 Bb7 10. Nbd2 Nbd7 11. Rc1 d5 12. e5 Ne8 13. Bb1 Rc8 14. Qc2 g6 15. Bh6
Ng7 16. Qd3 c4 17. Qe3 b4 18. Qf4 bxc3 19. bxc3 Ba3 20. Rcd1 f6 21. Qg4 f5 22.
Qg3 Nh5 23. Qh2 Re8 24. Ng5 Bf8 25. Bxf8 Nxf8 26. Ndf3 h6 27. g4 Ng7 28. Kg2
hxg5 29. Rh1 Kf7 30. h4 fxg4 31. Nxg5+ Ke7 32. Qf4 Kd7 1/2-1/2

[Event "Open Semana Santa 2023"]
[Site "?"]
[Date "2023.04.09"]
[Round "7.203"]
[White "Marques Montolio, Luis"]
[Black "De La Hoz Mulet, Miguel"]
[Result "1-0"]
[WhiteElo "1519"]
[BlackElo "1311"]
[PlyCount "58"]

1. e4 e6 2. d4 d5 3. exd5 exd5 4. Bd3 Nc6 5. c3 Bd6 6. Nf3 Nge7 7. O-O Bf5 8.
Bg5 Bxd3 9. Qxd3 Qd7 10. Nbd2 O-O 11. Rfe1 Ng6 12. Re2 Bf4 13. g3 Bxg5 14. Nxg5
h6 15. Ngf3 Qg4 16. Kh1 a6 17. Rae1 Qd7 18. Ne5 Ngxe5 19. dxe5 Qe6 20. f4 Ne7
21. Kg2 c6 22. h3 Rae8 23. g4 f6 24. f5 Qd7 25. Nf3 Qc7 26. Nd4 Qc8 27. exf6
Nxf5 28. Nxf5 Rxe2+ 29. Qxe2 Rxf6 1-0

[Event "Open Semana Santa 2023"]
[Site "?"]
[Date "2023.04.09"]
[Round "7.204"]
[White "Arana Rodriguez, Marlon Uriel"]
[Black "Agullo Valcarcel, Carlos"]
[Result "1-0"]
[WhiteElo "1183"]
[BlackElo "1506"]
[PlyCount "53"]

1. e4 Nf6 2. Nc3 d5 3. e5 Nfd7 4. d4 e6 5. Nf3 Be7 6. Ne2 c5 7. c3 cxd4 8. cxd4
Nc6 9. Nc3 a6 10. a3 b5 11. b4 Nb6 12. Be2 Nc4 13. O-O O-O 14. h4 Bxh4 15. g3
Be7 16. Kg2 f5 17. Rh1 g6 18. Bxc4 bxc4 19. Bh6 Rf7 20. Qd2 Ra7 21. Ng5 Bxg5
22. Bxg5 Qf8 23. Rh4 Rab7 24. Na4 Nb8 25. Nc5 Rbc7 26. Rah1 Nd7 27. Nxe6 1-0

[Event "Open Semana Santa 2023"]
[Site "?"]
[Date "2023.04.09"]
[Round "7.205"]
[White "Marin Giner, Gustavo"]
[Black "Fenoll Molina, Cesar"]
[Result "1-0"]
[WhiteElo "1449"]
[BlackElo "1279"]
[PlyCount "111"]

1. e4 e6 2. Qe2 d5 3. exd5 Qxd5 4. Nc3 Qc6 5. Nf3 Bb4 6. Qe5 f6 7. Qg3 Qd7 8.
Bc4 Nc6 9. O-O Bd6 10. Bxe6 Qxe6 11. Qxg7 Ne5 12. Nxe5 Bxe5 13. Qxh8 Qf7 14.
Re1 Be6 15. Rxe5 O-O-O 16. d3 Ne7 17. Qxd8+ Kxd8 18. Re1 Nd5 19. Nxd5 Bxd5 20.
Re3 f5 21. f4 h5 22. c3 h4 23. Bd2 Qg6 24. Re2 h3 25. g3 Qb6+ 26. Be3 Qc6 27.
Kf1 Bg2+ 28. Ke1 Qf3 29. Kd2 Bf1 30. Rf2 Qd5 31. Rfxf1 Qg2+ 32. Rf2 Qd5 33. b3
b6 34. Re2 a5 35. Rae1 b5 36. Bd4 Kc8 37. Re5 Qg2+ 38. R1e2 Qf1 39. Rxb5 a4 40.
Rxf5 axb3 41. axb3 Qb1 42. b4 Qb2+ 43. Ke3 Qc1+ 44. Kf3 Qf1+ 45. Ke3 Qc1+ 46.
Ke4 Qh1+ 47. Ke5 Qf3 48. Re3 Qf2 49. Rf8+ Kb7 50. Kf5 Qxh2 51. Rh8 Qg2 52. Ree8
Qd5+ 53. Kg4 Qd7+ 54. f5 c6 55. Rb8+ Kc7 56. Be5+ 1-0

[Event "Open Semana Santa 2023"]
[Site "?"]
[Date "2023.04.09"]
[Round "7.206"]
[White "Casao Benedi, Luis"]
[Black "Gil Martin, Sara"]
[Result "1-0"]
[WhiteElo "1440"]
[BlackElo "1226"]
[PlyCount "85"]
[EventDate "2023.??.??"]

1. d4 d5 2. Bf4 c5 3. e3 Nc6 4. Nf3 Qb6 5. Nc3 cxd4 6. Nxd5 Qa5+ 7. c3 Qxd5 8.
exd4 Nf6 9. Bd3 Bg4 10. Be2 Qe4 11. Be3 e6 12. O-O Bd6 13. Qd2 Qg6 14. h3 Bxh3
15. g3 Ne4 16. Nh4 Nxd2 17. Nxg6 hxg6 18. Bxd2 Bxf1 19. Bxf1 O-O-O 20. b4 Rh7
21. a4 Rdh8 22. Bg2 Kb8 23. a5 Rc8 24. b5 Ne7 25. Rc1 Rh5 26. c4 Ba3 27. Rc2
Nf5 28. Ra2 Be7 29. g4 Rh4 30. gxf5 gxf5 31. b6 a6 32. c5 Rxd4 33. Be3 Rd1+ 34.
Bf1 Bxc5 35. Bf4+ Bd6 36. Be3 f4 37. Bd2 e5 38. f3 Be7 39. Kf2 Rb1 40. Bh3 Rc5
41. Ke2 Rb3 42. Bf5 Rc6 43. Be4 1-0

[Event "Open Semana Santa 2023"]
[Site "?"]
[Date "2023.04.09"]
[Round "7.212"]
[White "Gil Bayo, Daniel"]
[Black "Perea Fruet, Alba"]
[Result "1-0"]
[WhiteElo "1433"]
[BlackElo "1127"]
[PlyCount "69"]

1. d4 d5 2. c4 Nf6 3. cxd5 Nxd5 4. e4 Nf6 5. Nc3 e6 6. Nf3 Be7 7. Bd3 a6 8. O-O
b5 9. e5 Nd5 10. Re1 Bb7 11. a4 c6 12. Nxd5 Qxd5 13. Be4 Qd8 14. axb5 axb5 15.
Be3 O-O 16. Qc2 Qc7 17. Bxh7+ Kh8 18. Bd3 Nd7 19. Bxb5 Rfc8 20. Be2 c5 21. Bg5
Bf8 22. Rxa8 Bxa8 23. Rc1 Kg8 24. b4 Bc6 25. bxc5 Bd5 26. Bh4 Nb8 27. Ng5 g6
28. Bf3 Bxf3 29. Nxf3 Bg7 30. Qe4 Qd7 31. Bf6 Nc6 32. Qh4 Kf8 33. Qh7 Bxf6 34.
exf6 Ke8 35. Qg8# 1-0